000 00815nam a22002297a 4500
005 20240212124809.0
010 _aENG-139194 ENG-139184
020 _c550.00
_a9789390168132
035 _aEN-122726
035 _aEN-122716
037 _bDBAD/PUB
082 _a512.5
_25
100 _aFriedberg, Stephen H
_961912
245 _aLinear Algebra/
_cBy Stephen H Friedberg; Arnold J.Insel and Lawrence E. Spence
250 _a5
260 _aUttar Pradesh
_bPearson India Education Pvt Ltd
_c2022
270 _bUttar Pradesh
_a15th FLoor, Tower-B, World Trade Tower, Plot No.1, Block- C, Sector-16, Noida
_e201301
300 _axiii,594p.
_c25cm(pb)
_bIndex
700 _aInsel , Arnold J.
_961814
_eAuthor
700 _aSpence, Lawrence E.
_eAuthor
_961877
942 _2ddc
_cEN
_h512.5
_mFRI
_e5
999 _c200642
_d200642